El bosque, el agua y la conservación del suelo (Record no. 70093)

MARC details
000 -LEADER
campo de control de longitud fija 00771nam a2200193 i 4500
001 - NÚMERO DE CONTROL
campo de control 70093
003 - IDENTIFICADOR DE NÚMERO DE CONTROL
campo de control ES-MaACL
005 - FECHA Y HORA DE LA ÚLTIMA TRANSACCIÓN
campo de control 20230906170722.0
007 - CAMPO FIJO DE DESCRIPCIÓN FÍSICA--INFORMACIÓN GENERAL
campo de control de longitud fija t|
008 - DATOS DE LONGITUD FIJA--INFORMACIÓN GENERAL
campo de control de longitud fija 040716s1955 sp ||||1| spa d
100 1# - ENTRADA PRINCIPAL--NOMBRE DE PERSONA
Nombre de persona García Nájera, José María.
9 (RLIN) 55019
245 13 - MENCIÓN DEL TÍTULO
Título El bosque, el agua y la conservación del suelo
Resto del título : principios racionales de la influencia /
Mención de responsabilidad, etc. por José Mª García Nájera.
260 ## - PUBLICACIÓN, DISTRIBUCIÓN, ETC.
Lugar de publicación, distribución, etc. [S.l. :
Nombre del editor, distribuidor, etc. s.n.,
Fecha de publicación, distribución, etc. 1955] (
Lugar de fabricación/manufactura Madrid :
Fabricante Tip. Artística)
300 ## - DESCRIPCIÓN FÍSICA
Extensión 6 p., 1 lám. ;
Dimensiones 24 cm.
500 ## - NOTA GENERAL
Nota general Es separata de: Comunicación nº2. Año XXVI.
500 ## - NOTA GENERAL
Nota general Precede al tít.: Instituto Forestal de Investigaciones y Experiencias.
710 2# - ENTRADA AGREGADA--NOMBRE DE ENTIDAD CORPORATIVA
Nombre de entidad corporativa o nombre de jurisdicción como elemento de entrada Instituto Forestal de Investigaciones y Experiencias.
9 (RLIN) 5059
852 ## - LOCALIZACIÓN
Ubicación ES-MaACL
Número de control de estantería 1977-F-5
Sublocalización o colección R.37372
Holdings
Estatus retirado Estado de pérdida Estado de daño No para préstamo Colección Biblioteca de origen Biblioteca actual Ubicación en estantería Fecha de adquisición Fuente de adquisición Total de préstamos Signatura topográfica completa Código de barras Visto por última vez Precio de reemplazo Tipo de ítem Koha
        Colección de folletos Biblioteca del Ateneo de Madrid Biblioteca del Ateneo de Madrid Depósito folletos 17/01/2008     1977-F-5 1073398 23/02/2023 23/02/2023 Folleto